[Event "XXXVI C.to Italiano a squadre A1.1"]
[Site "ITA"]
[Date "2004.04.17"]
[Round "4"]
[White "Pernigotti, Carlo"]
[Black "Passoni, Carlo"]
[Result "1-0"]
[WhiteElo "2201"]
[BlackElo "2290"]
[PlyCount "75"]
[EventDate "2004.03.06"]

1. e4 c5 2. Nf3 d6 3. Bb5+ Bd7 4. Bxd7+ Qxd7 5. c4 Qg4 6. O-O Qxe4 7. d4 cxd4
8. Nxd4 Nc6 9. Nb5 O-O-O 10. Be3 Kb8 11. Qa4 a6 12. N5c3 Qg4 13. Nd2 g6 14. b4
Bg7 15. h3 Qd7 16. Rfc1 Nh6 17. Rab1 Nf5 18. Bb6 Bxc3 19. Rxc3 Ncd4 20. Qd1 Rc8
21. Rd3 e5 22. b5 axb5 23. cxb5 Nc2 24. Qg4 Ncd4 25. Qd1 Nc2 26. Qg4 Ncd4 27.
Rxd4 exd4 28. Qd1 Rc5 29. Qa4 Qe8 30. Nf3 d3 31. Qa7+ Kc8 32. Qa8+ Kd7 33.
Qxb7+ Ke6 34. Bxc5 Kf6 35. Ba3 g5 36. Bb2+ Kg6 37. Bxh8 Qxh8 38. Qe4 1-0

[Event "XXXVI C.to Italiano a squadre A1.1"]
[Site "ITA"]
[Date "2004.04.17"]
[Round "4"]
[White "Sedina, Elena"]
[Black "Arlandi, Ennio"]
[Result "1-0"]
[WhiteElo "2382"]
[BlackElo "2431"]
[PlyCount "73"]
[EventDate "2004.03.06"]

1. e4 c5 2. Nf3 e6 3. c3 d5 4. exd5 Qxd5 5. d4 Nf6 6. Be2 cxd4 7. cxd4 Nc6 8.
O-O Be7 9. Nc3 Qd6 10. Nb5 Qd8 11. Bf4 Nd5 12. Bg3 a6 13. Nc3 Nf6 14. Rc1 O-O
15. a3 b6 16. Bc4 Bb7 17. Ba2 b5 18. Qd3 Qb6 19. Rfd1 Rfd8 20. Bh4 Nh5 21. d5
Bxh4 22. Nxh4 Nf6 23. Qg3 exd5 24. Nf5 g6 25. Nxd5 Nxd5 26. Bxd5 Kf8 27. Qg5
gxf5 28. Qf6 Rd7 29. Qh8+ Ke7 30. Re1+ Kd6 31. Rxc6+ Qxc6 32. Qe5+ Kc5 33.
Bxc6+ Kxc6 34. Rc1+ Kb6 35. Qc5+ Ka5 36. b4+ Ka4 37. Qc2+ 1-0

[Event "XXXVI C.to Italiano a squadre A1.1"]
[Site "ITA"]
[Date "2004.04.17"]
[Round "4"]
[White "Trabattoni, Franco"]
[Black "Cangiotti, Claudio"]
[Result "1/2-1/2"]
[WhiteElo "2353"]
[BlackElo "2220"]
[PlyCount "64"]
[EventDate "2004.03.06"]

1. e4 c5 2. Nf3 g6 3. d4 Bg7 4. dxc5 Qa5+ 5. c3 Qxc5 6. Be3 Qc7 7. Bd4 Nf6 8.
e5 Nd5 9. Na3 Nc6 10. Nb5 Qd8 11. e6 f6 12. exd7+ Bxd7 13. Qb3 Be6 14. O-O-O a6
15. Na3 Na5 16. Qc2 O-O 17. Nc4 Qc7 18. Nxa5 Qxa5 19. Bc4 Rac8 20. Bb3 Bf7 21.
Kb1 Rfd8 22. Rhe1 e5 23. Be3 b5 24. a3 Qc7 25. Bc1 a5 26. Qe2 b4 27. axb4 axb4
28. c4 Nb6 29. Rxd8+ Rxd8 30. Be3 Qc6 31. Rd1 Rxd1+ 32. Qxd1 Bf8 1/2-1/2

[Event "XXXVI C.to Italiano a squadre A1.1"]
[Site "ITA"]
[Date "2004.04.18"]
[Round "5"]
[White "Arlandi, Ennio"]
[Black "Nannelli, Paolo"]
[Result "1-0"]
[WhiteElo "2431"]
[BlackElo "2163"]
[PlyCount "103"]
[EventDate "2004.03.06"]

1. d4 d5 2. c4 c6 3. Nf3 Nf6 4. e3 g6 5. Nc3 Bg7 6. Be2 O-O 7. O-O dxc4 8. Bxc4
Bg4 9. h3 Bxf3 10. Qxf3 Nbd7 11. Rd1 e5 12. d5 e4 13. Nxe4 Nxe4 14. Qxe4 Nb6
15. Bb3 cxd5 16. Bxd5 Nxd5 17. Rxd5 Qc7 18. Qd3 Rac8 19. Rb1 Qc2 20. Kf1 Qxd3+
21. Rxd3 Rc2 22. e4 Rfc8 23. Be3 b6 24. Rd7 Bf8 25. Rxa7 Bc5 26. Bxc5 R8xc5 27.
Rd7 R5c4 28. e5 Rf4 29. f3 Rb4 30. b3 Rxa2 31. Rc1 Ra8 32. Rc3 Re8 33. Rd5 h5
34. g3 h4 35. Kf2 hxg3+ 36. Kxg3 g5 37. Rc4 Rxb3 38. Rg4 Re6 39. Rxg5+ Kf8 40.
Rd7 f6 41. Rg6 Rxe5 42. Rxf6+ Kg8 43. Kg4 Rb1 44. f4 Re3 45. h4 Rg1+ 46. Kh5
Re8 47. f5 Rb8 48. Rg6+ Rxg6 49. Kxg6 b5 50. f6 b4 51. Rg7+ Kh8 52. Rh7+ 1-0

[Event "XXXVI C.to Italiano a squadre A1.1"]
[Site "ITA"]
[Date "2004.04.18"]
[Round "5"]
[White "Cangiotti, Claudio"]
[Black "Mariano, Elia"]
[Result "1/2-1/2"]
[WhiteElo "2220"]
[BlackElo "2198"]
[PlyCount "75"]
[EventDate "2004.03.06"]

1. Nf3 Nf6 2. g3 b6 3. Bg2 Bb7 4. d3 d5 5. b3 g6 6. Bb2 Bg7 7. Nbd2 O-O 8. O-O
c5 9. e3 Nc6 10. Qe2 Qc7 11. c4 Rad8 12. a3 e5 13. Rac1 d4 14. e4 Ne8 15. Nh4
Bh6 16. Rcd1 Ng7 17. Bc1 Rde8 18. Nb1 Bxc1 19. Rxc1 f5 20. f4 exf4 21. gxf4
fxe4 22. Bxe4 Rxf4 23. Ng2 Rxf1+ 24. Rxf1 Nd8 25. Nd2 Rf8 26. Rxf8+ Kxf8 27.
Qf3+ Qf7 28. Qg3 Nge6 29. Qd6+ Kg7 30. Bxb7 Qxb7 31. Qe5+ Kg8 32. Ne4 Qg7 33.
Qd5 Qf7 34. h4 h6 35. b4 Qb7 36. Qe5 Qg7 37. Qd5 Qb7 38. Qe5 1/2-1/2

[Event "XXXVI C.to Italiano a squadre A1.1"]
[Site "ITA"]
[Date "2004.04.18"]
[Round "5"]
[White "Castaldo, Folco"]
[Black "Di Paolo, Raffaele"]
[Result "1/2-1/2"]
[WhiteElo "2329"]
[BlackElo "2349"]
[PlyCount "102"]
[EventDate "2004.03.06"]

1. c4 Nf6 2. g3 g6 3. Bg2 Bg7 4. Nc3 Nc6 5. d3 e5 6. e4 O-O 7. Nge2 d6 8. O-O
Be6 9. Nd5 Ne8 10. Rb1 a5 11. Be3 Qd7 12. d4 exd4 13. Nxd4 Nxd4 14. Bxd4 Bxd4
15. Qxd4 c5 16. Qd2 Bxd5 17. Qxd5 Nc7 18. Qd3 Rad8 19. Rbd1 Qe7 20. Qc3 Ne6 21.
Qxa5 Ra8 22. Qd2 Rxa2 23. Qxd6 Qxd6 24. Rxd6 Rxb2 25. e5 b5 26. cxb5 Rxb5 27.
Bd5 Nd4 28. Ra1 g5 29. h3 Ne2+ 30. Kf1 Nc3 31. Ra7 c4 32. Bxc4 Rxe5 33. Rf6 Ne4
34. Rfxf7 Rxf7 35. Bxf7+ Kf8 36. Ba2 Rf5 37. Ke2 Rf6 38. Ke3 Nxf2 39. Rxh7 g4
40. hxg4 Nxg4+ 41. Kd4 Rf3 42. Be6 Rxg3 43. Rf7+ Ke8 44. Rg7 Ra3 45. Bxg4 Kf8
46. Rg6 Ra4+ 47. Ke5 Kf7 48. Rf6+ Kg7 49. Bf3 Ra5+ 50. Bd5 Rxd5+ 51. Kxd5 Kxf6
1/2-1/2

[Event "XXXVI C.to Italiano a squadre A1.1"]
[Site "ITA"]
[Date "2004.04.18"]
[Round "5"]
[White "Djuric, Stefan"]
[Black "Jones, Gawain C.B."]
[Result "1/2-1/2"]
[WhiteElo "2518"]
[BlackElo "2405"]
[PlyCount "128"]
[EventDate "2004.03.06"]

1. e4 c5 2. Nf3 g6 3. c3 d5 4. e5 Nc6 5. Bb5 Bd7 6. Na3 Bg7 7. d4 cxd4 8. cxd4
a6 9. Bxc6 Bxc6 10. O-O e6 11. Bf4 Ne7 12. Qd2 O-O 13. Bg5 Re8 14. Rfc1 Rc8 15.
h3 b6 16. Nh2 h5 17. Nf3 Qd7 18. g4 Bb5 19. Kh2 Rxc1 20. Rxc1 Rc8 21. Nxb5 Rxc1
22. Qxc1 axb5 23. Bxe7 hxg4 24. hxg4 Qxe7 25. Qc6 Qb4 26. b3 Qa3 27. Qe8+ Bf8
28. Ng5 Qe7 29. Qxe7 Bxe7 30. Nf3 b4 31. Kg3 g5 32. Ne1 Kf8 33. Nd3 Ke8 34. f4
gxf4+ 35. Kxf4 Kf8 36. g5 Kg7 37. Kg4 Kg6 38. Nf4+ Kg7 39. g6 Kf8 40. Kh5 Kg7
41. gxf7 Kxf7 42. Nh3 Kg7 43. Nf4 Kf7 44. Kh6 Bd8 45. Nd3 Be7 46. Kh7 b5 47.
Kh6 Bf8+ 48. Kg5 Be7+ 49. Kh5 Bf8 50. Ne1 Be7 51. Nf3 Bd8 52. Ne1 Kg7 53. Nc2
Be7 54. Ne1 Bd8 55. Nf3 Kf7 56. Kh6 Bb6 57. Kg5 Bd8+ 58. Kh6 Bb6 59. Kh5 Bd8
60. Ne1 Kg7 61. Nc2 Be7 62. Ne3 Bd8 63. Nc2 Be7 64. Ne1 Bd8 1/2-1/2

[Event "XXXVI C.to Italiano a squadre A1.1"]
[Site "ITA"]
[Date "2004.04.18"]
[Round "5"]
[White "Evangelisti, Claudio R."]
[Black "Bellini, Fabio"]
[Result "0-1"]
[WhiteElo "2240"]
[BlackElo "2503"]
[PlyCount "114"]
[EventDate "2004.03.06"]

1. c4 g6 2. d4 Bg7 3. Nc3 d6 4. Nf3 Nf6 5. e4 Bg4 6. d5 O-O 7. h3 Bxf3 8. Qxf3
c6 9. Bd2 Nbd7 10. Qe3 Re8 11. dxc6 bxc6 12. Be2 Nc5 13. O-O Qb6 14. Rab1 a5
15. b3 Reb8 16. Rfd1 Kf8 17. Bf3 Nfd7 18. Be1 Rb7 19. Bg4 Nf6 20. Bf3 Rab8 21.
g3 h5 22. Kg2 Nfd7 23. Be2 Qa6 24. f4 Qb6 25. g4 hxg4 26. Bxg4 Qc7 27. h4 Bh6
28. Qd4 Kg8 29. Ne2 Nf6 30. Bf3 Ne6 31. Qc3 Nxf4+ 32. Nxf4 Bxf4 33. Qxa5 Qc8
34. Qc3 Qe6 35. Bd2 Bxd2 36. Qxd2 Kg7 37. Qf4 Ra7 38. Rd2 Ra5 39. Re1 Rba8 40.
a4 Rb8 41. Bd1 Re5 42. Ra2 Nxe4 43. Rae2 Nc3 44. Rxe5 dxe5 45. Qg3 Nxd1 46.
Rxd1 Qf5 47. Rf1 Qe4+ 48. Kg1 Rh8 49. Re1 Qd4+ 50. Qe3 Qg4+ 51. Kf1 Rh5 52. Re2
Qxh4 53. Rf2 Qg4 54. Qf3 Qe6 55. a5 Rh3 56. Qe4 Rxb3 57. a6 Ra3 0-1

[Event "XXXVI C.to Italiano a squadre A1.1"]
[Site "ITA"]
[Date "2004.04.18"]
[Round "5"]
[White "Frilli, Guido"]
[Black "Aldrovandi, Costantino"]
[Result "0-1"]
[WhiteElo "2131"]
[BlackElo "2282"]
[PlyCount "62"]
[EventDate "2004.03.06"]

1. e4 c5 2. Nf3 d6 3. c3 Nf6 4. Be2 g6 5. O-O Bg7 6. Bb5+ Nbd7 7. Re1 a6 8. Bf1
Qc7 9. d4 e5 10. dxe5 dxe5 11. Qc2 b6 12. Bg5 Bb7 13. Nbd2 Bc6 14. Rad1 O-O 15.
Nc4 b5 16. Nd6 Rfd8 17. a4 c4 18. axb5 axb5 19. Rd2 Nc5 20. Bxf6 Bxf6 21. Nxc4
bxc4 22. Bxc4 Qb7 23. Rxd8+ Rxd8 24. b4 Bxe4 25. Qe2 Bd3 26. Bxd3 Nxd3 27. Rd1
e4 28. Nd2 Nf4 29. Qg4 Bxc3 30. Qxf4 Qxb4 31. f3 Bxd2 0-1

[Event "XXXVI C.to Italiano a squadre A1.1"]
[Site "ITA"]
[Date "2004.04.18"]
[Round "5"]
[White "Massa, Giovanni"]
[Black "Aglietti, Graziano"]
[Result "1/2-1/2"]
[WhiteElo "2090"]
[BlackElo "2084"]
[PlyCount "111"]
[EventDate "2004.03.06"]

1. e4 e6 2. d4 d5 3. Nc3 Nf6 4. Bg5 Be7 5. e5 Ne4 6. Bxe7 Qxe7 7. Nxe4 dxe4 8.
Qd2 Nc6 9. Bc4 Qb4 10. Qxb4 Nxb4 11. O-O-O Bd7 12. Ne2 Bc6 13. a3 Nd5 14. Bb3
b5 15. Rhe1 O-O 16. c3 f5 17. Kc2 f4 18. Bxd5 Bxd5 19. Nc1 e3 20. f3 g5 21. Rg1
h5 22. h3 a5 23. Nd3 c6 24. Nc5 Ra7 25. b3 g4 26. hxg4 hxg4 27. fxg4 Rg7 28. c4
bxc4 29. bxc4 Bxc4 30. Ne4 Rxg4 31. Nf6+ Rxf6 32. exf6 Kf7 33. Kc3 Bd5 34. Rdf1
Kxf6 35. Kd3 Kf5 36. g3 f3 37. Kxe3 e5 38. dxe5 Kxe5 39. Kf2 Ra4 40. Re1+ Kd4
41. Re3 Rc4 42. Rd1+ Kc5 43. Rd2 Kb5 44. Red3 Ka4 45. Rxd5 cxd5 46. Rxd5 Rc2+
47. Kxf3 Rc3+ 48. Kf4 Rxa3 49. g4 Ra1 50. g5 Rf1+ 51. Ke5 Kb4 52. g6 a4 53.
Rd4+ Kb3 54. Rg4 Rf8 55. g7 Rg8 56. Rxa4 1/2-1/2

[Event "XXXVI C.to Italiano a squadre A1.1"]
[Site "ITA"]
[Date "2004.04.18"]
[Round "5"]
[White "Passoni, Carlo"]
[Black "Sedina, Elena"]
[Result "1/2-1/2"]
[WhiteElo "2290"]
[BlackElo "2382"]
[PlyCount "20"]
[EventDate "2004.03.06"]

1. e4 e6 2. d4 d5 3. Nc3 dxe4 4. Nxe4 Bd7 5. Nf3 Bc6 6. Bd3 Nd7 7. O-O Ngf6 8.
Ng3 Be7 9. Ne5 Nxe5 10. dxe5 Qd5 1/2-1/2

[Event "XXXVI C.to Italiano a squadre A1.1"]
[Site "ITA"]
[Date "2004.04.18"]
[Round "5"]
[White "Ranieri, Fabrizio"]
[Black "Pernigotti, Carlo"]
[Result "1-0"]
[WhiteElo "2216"]
[BlackElo "2201"]
[PlyCount "73"]
[EventDate "2004.03.06"]

1. e4 c5 2. Nf3 e6 3. d4 cxd4 4. Nxd4 a6 5. Nc3 Qc7 6. Be3 Nf6 7. Be2 Bb4 8.
O-O Nc6 9. Na4 Be7 10. Nxc6 bxc6 11. Nb6 Rb8 12. Nxc8 Qxc8 13. e5 Nd5 14. Bc1
Bc5 15. c4 Ne7 16. b3 Qc7 17. Bb2 d6 18. exd6 Bxd6 19. g3 Be5 20. Bxe5 Qxe5 21.
Bf3 c5 22. Qd2 Qc7 23. Rfd1 Nf5 24. Bg2 a5 25. Rab1 O-O 26. Qd7 Qb6 27. Qd3
Rfd8 28. Qe4 Nd4 29. h3 Rd6 30. Kh2 Rbd8 31. Qe5 Qb4 32. a3 Qxa3 33. b4 axb4
34. Qxc5 Qa2 35. Ra1 b3 36. Rxa2 bxa2 37. Qa7 1-0

[Event "XXXVI C.to Italiano a squadre A1.1"]
[Site "ITA"]
[Date "2004.04.18"]
[Round "5"]
[White "Ratti, Ruggero"]
[Black "Del Rio Angelis, Salvador Gabriel"]
[Result "1/2-1/2"]
[WhiteElo "2320"]
[BlackElo "2506"]
[PlyCount "22"]
[EventDate "2004.03.06"]

1. e4 e6 2. d4 d5 3. e5 c5 4. c3 Nc6 5. Nf3 Qb6 6. a3 Nh6 7. b4 cxd4 8. cxd4
Nf5 9. Bb2 Bd7 10. g4 Nfe7 11. Nbd2 h5 1/2-1/2

[Event "XXXVI C.to Italiano a squadre A2"]
[Site "ITA"]
[Date "2004.02.22"]
[Round "1"]
[White "Bartolini, Tommaso"]
[Black "Pastorini, Mario"]
[Result "0-1"]
[WhiteElo "2179"]
[BlackElo "2170"]
[PlyCount "78"]
[EventDate "2004.02.22"]

1. d4 Nf6 2. Nf3 d6 3. c4 g6 4. Nc3 Bg7 5. e4 O-O 6. Be2 c5 7. d5 Bg4 8. O-O
Na6 9. Bg5 h6 10. Be3 Nc7 11. Qd2 Kh7 12. a4 Rb8 13. Ra3 b6 14. e5 Nd7 15. exd6
exd6 16. Ng5+ hxg5 17. Bxg4 Ne5 18. Be2 f6 19. f4 gxf4 20. Bxf4 Nf7 21. Ne4 Ne8
22. Rff3 f5 23. Rh3+ Kg8 24. Ng5 Nxg5 25. Bxg5 Nf6 26. Rae3 Qd7 27. Re6 Rbe8
28. Bxf6 Rxf6 29. Rxe8+ Qxe8 30. a5 Rf7 31. axb6 axb6 32. Ra3 Bd4+ 33. Kf1 Kg7
34. Rh3 f4 35. Bg4 Qe4 36. Qd3 Qe5 37. Qe2 Be3 38. Qc2 Ra7 39. Qc3 Ra1+ 0-1

[Event "XXXVI C.to Italiano a squadre A2"]
[Site "ITA"]
[Date "2004.02.22"]
[Round "1"]
[White "Capurro, Giuliano"]
[Black "Leoncini, Mario"]
[Result "1/2-1/2"]
[WhiteElo "2067"]
[BlackElo "2152"]
[PlyCount "82"]
[EventDate "2004.02.22"]

1. e4 c5 2. d3 e6 3. g3 d5 4. exd5 exd5 5. Bg2 Nf6 6. Ne2 Be7 7. O-O O-O 8. h3
Nc6 9. Bg5 h6 10. Bxf6 Bxf6 11. c3 d4 12. c4 Be5 13. f4 Bc7 14. Na3 a6 15. Nc2
f5 16. Kh2 Qf6 17. Ng1 Bd7 18. Bd5+ Kh7 19. Qf3 Rae8 20. Rae1 Ba5 21. Rxe8 Rxe8
22. Rf2 Bd8 23. Re2 Rxe2+ 24. Qxe2 Qe7 25. Qxe7 Bxe7 26. Nf3 Bd6 27. Kg2 g6 28.
Kf2 Kg7 29. h4 Kf6 30. Ke2 b6 31. b4 Nxb4 32. Nxb4 cxb4 33. Nxd4 g5 34. hxg5+
hxg5 35. Kf3 gxf4 36. gxf4 a5 37. Ne2 Be8 38. Ke3 a4 39. Nc1 b5 40. d4 bxc4 41.
Bxc4 Bc6 1/2-1/2

[Event "XXXVI C.to Italiano a squadre A2"]
[Site "ITA"]
[Date "2004.02.22"]
[Round "1"]
[White "Giorgetti, Alberto"]
[Black "Lasio, Millo"]
[Result "1/2-1/2"]
[WhiteElo "2133"]
[BlackElo "1875"]
[PlyCount "83"]
[EventDate "2004.02.22"]

1. e4 e6 2. d4 d5 3. Nd2 Nf6 4. e5 Nfd7 5. Bd3 b6 6. Qe2 a5 7. Ngf3 Ba6 8. c4
c6 9. O-O Be7 10. Ne1 dxc4 11. Nxc4 Nf8 12. Be3 b5 13. Nd2 Nfd7 14. Qg4 g6 15.
Ne4 Nb6 16. Bg5 Bxg5 17. Nxg5 Nd5 18. Ne4 O-O 19. Nc2 Nd7 20. Rac1 Ne7 21. Ne3
Bb7 22. Nd6 Rb8 23. Qh3 Ba8 24. Ng4 Nd5 25. Be4 f5 26. Bxd5 cxd5 27. Ne3 Nb6
28. Nxb5 Nc4 29. Nxc4 dxc4 30. a4 Bc6 31. Qc3 Qd5 32. f3 Bxb5 33. axb5 Rfc8 34.
Qxa5 Rxb5 35. Qa6 Rc6 36. Qa8+ Kg7 37. Qa7+ Kh6 38. Rf2 Rcb6 39. Qe7 Qxd4 40.
g4 fxg4 41. Qh4+ Kg7 42. Qe7+ 1/2-1/2

[Event "XXXVI C.to Italiano a squadre A2"]
[Site "ITA"]
[Date "2004.02.22"]
[Round "1"]
[White "Mazzini, Mauro"]
[Black "Baccaro, Franco"]
[Result "1-0"]
[WhiteElo "1915"]
[BlackElo "2174"]
[PlyCount "56"]
[EventDate "2004.02.22"]

1. e4 e6 2. d4 d5 3. Nc3 Nf6 4. Bg5 Bb4 5. a3 Bxc3+ 6. bxc3 dxe4 7. f3 c5 8.
fxe4 Qa5 9. Bd3 c4 10. Bxf6 Qxc3+ 11. Kf2 cxd3 12. Bxg7 Rg8 13. Be5 Nc6 14.
cxd3 Nxe5 15. dxe5 Qd4+ 16. Kf1 Qxe5 17. Nf3 Qb2 18. Rg1 Bd7 19. Qc1 Qb5 20.
Qe3 Rc8 21. Re1 Rc3 22. Re2 Qxd3 23. Qxa7 Bb5 24. Nd4 Qxe4 25. Qb8+ Ke7 26.
Qd6+ Kxd6 27. Nxb5+ Kc5 28. Rxe4 Kxb5 1-0

[Event "XXXVI C.to Italiano a squadre A2"]
[Site "ITA"]
[Date "2004.02.22"]
[Round "1"]
[White "Patelli, Alessandro"]
[Black "Albano, Marco"]
[Result "0-1"]
[WhiteElo "2204"]
[BlackElo "2230"]
[PlyCount "56"]
[EventDate "2004.02.22"]

1. Nf3 c5 2. c4 Nf6 3. g3 Nc6 4. Nc3 e5 5. Bg2 Be7 6. O-O O-O 7. d3 a6 8. Ne1
Rb8 9. a4 d6 10. Nc2 Bd7 11. Ne3 Nb4 12. Ncd5 Nbxd5 13. Nxd5 Nxd5 14. Bxd5 Bh3
15. Re1 Kh8 16. e3 f5 17. Bd2 Qe8 18. f4 Qg6 19. Qf3 b6 20. a5 Bf6 21. Bc3 exf4
22. exf4 bxa5 23. Re6 Rfe8 24. Rae1 Rxe6 25. Rxe6 Bxc3 26. bxc3 Rb1+ 27. Kf2
Qxe6 28. Bxe6 Rf1+ 0-1

[Event "XXXVI C.to Italiano a squadre A2"]
[Site "ITA"]
[Date "2004.02.22"]
[Round "1"]
[White "Piccardo, Marco"]
[Black "Gorelli Fagiolini, Marco"]
[Result "0-1"]
[WhiteElo "2206"]
[BlackElo "2222"]
[PlyCount "80"]
[EventDate "2004.02.22"]

1. d4 e6 2. Nf3 Nf6 3. Bf4 c5 4. e3 Nc6 5. c3 Be7 6. h3 O-O 7. Nbd2 d5 8. Bd3
Bd7 9. O-O Rc8 10. Re1 cxd4 11. exd4 Qb6 12. Rb1 Rfd8 13. Qe2 Be8 14. b4 Bd6
15. Bg5 Qc7 16. Ne5 Be7 17. Rbc1 g6 18. Ndf3 Nh5 19. Bd2 Nf6 20. Nxc6 bxc6 21.
Ne5 a5 22. a3 Nd7 23. f4 axb4 24. axb4 Nf6 25. Ra1 Ra8 26. g4 Nd7 27. f5 Nxe5
28. dxe5 c5 29. f6 Bf8 30. Reb1 d4 31. b5 dxc3 32. Bxc3 c4 33. Bxc4 Rac8 34. b6
Bc5+ 35. Kh2 Bxb6 36. Ba6 Qxc3 37. Ra2 Rb8 38. Rc2 Qd4 39. Re1 Qf4+ 40. Kh1 Qg3
0-1

[Event "XXXVI C.to Italiano a squadre A2"]
[Site "ITA"]
[Date "2004.02.22"]
[Round "1"]
[White "Sericano, Claudio"]
[Black "Cecconi, Giovanni Alberto"]
[Result "1/2-1/2"]
[WhiteElo "2260"]
[BlackElo "2191"]
[PlyCount "80"]
[EventDate "2004.02.22"]

1. d4 f5 2. e3 Nf6 3. Bd3 d6 4. f4 g6 5. Nf3 Bg7 6. O-O O-O 7. c3 b6 8. Nbd2
Bb7 9. Ng5 Qd7 10. Qb3+ Kh8 11. Ne6 Re8 12. Nxg7 Kxg7 13. c4 e5 14. d5 Na6 15.
Qc3 Nc5 16. b4 Nxd3 17. Qxd3 b5 18. cxb5 Nxd5 19. fxe5 dxe5 20. e4 Nf6 21.
Qxd7+ Nxd7 22. exf5 gxf5 23. Rxf5 Kg6 24. Rf1 Nb6 25. Bb2 Na4 26. Rab1 Nxb2 27.
Rxb2 Rad8 28. Rc2 Re7 29. Nc4 Rd3 30. Na5 Bd5 31. Nc6 Re6 32. Nxa7 e4 33. Re1
e3 34. Rce2 Rd2 35. Nc6 Rxe2 36. Rxe2 Bc4 37. Re1 Bxa2 38. Nd4 Re5 39. Kf1 Bc4+
40. Kg1 Bxb5 1/2-1/2

[Event "XXXVI C.to Italiano a squadre A2"]
[Site "ITA"]
[Date "2004.02.22"]
[Round "1"]
[White "Trezza, Bruno"]
[Black "Tizzoni, Lionello"]
[Result "1-0"]
[WhiteElo "2239"]
[BlackElo "2047"]
[PlyCount "85"]
[EventDate "2004.02.22"]

1. Nf3 Nf6 2. d4 d6 3. Nbd2 Nbd7 4. e4 e5 5. c3 g6 6. Bc4 Bg7 7. O-O O-O 8. Re1
c6 9. Bb3 Qc7 10. Nc4 b5 11. dxe5 dxe5 12. Qd6 Qxd6 13. Nxd6 h6 14. a4 Nc5 15.
Ba2 bxa4 16. Nxe5 Nb3 17. Bxb3 axb3 18. Nxc6 Be6 19. Nb5 Bd7 20. Ne7+ Kh7 21.
Nc7 a5 22. Nxa8 Rxa8 23. e5 Ne8 24. Nd5 Ra6 25. Nb4 Ra8 26. Nd5 Ra6 27. f4 Be6
28. Rd1 Bf8 29. Be3 a4 30. Nb4 Ra8 31. Bb6 Bxb4 32. cxb4 Bf5 33. Rd8 Ra6 34.
Ba5 Ng7 35. g3 Rc6 36. Rd2 Bh3 37. Rxa4 Rc1+ 38. Kf2 Nf5 39. Kf3 Rc2 40. b5 h5
41. b6 Ne7 42. Rxc2 bxc2 43. Rc4 1-0

[Event "XXXVI C.to Italiano a squadre A2"]
[Site "ITA"]
[Date "2004.03.07"]
[Round "2"]
[White "Cecconi, Giovanni Alberto"]
[Black "Massetti, Gianfranco"]
[Result "1/2-1/2"]
[WhiteElo "2191"]
[BlackElo "1911"]
[PlyCount "95"]
[EventDate "2004.02.22"]

1. d4 d5 2. Bg5 Nf6 3. Bxf6 exf6 4. e3 Be6 5. Nf3 Nd7 6. Nbd2 c6 7. Bd3 f5 8.
O-O g5 9. c4 Bd6 10. Ne1 Nf6 11. cxd5 cxd5 12. Bb5+ Kf8 13. Nd3 Rc8 14. Nf3 Ne4
15. Nfe5 Bb8 16. Qh5 h6 17. Rac1 Rxc1 18. Rxc1 Kg7 19. Qe2 Qd6 20. f3 Nf6 21.
Qe1 Qb6 22. Ba4 f4 23. Bb3 fxe3 24. Qxe3 Re8 25. Nc5 a5 26. f4 g4 27. Qd3 Ne4
28. Nxe4 dxe4 29. Qxe4 Bxb3 30. axb3 Qxb3 31. Rc2 Qb6 32. Rd2 Ba7 33. Qf5 Qe6
34. Qxe6 Rxe6 35. Kf1 Rd6 36. Nc4 Rxd4 37. Rxd4 Bxd4 38. Nxa5 Bxb2 39. Nxb7 Kg6
40. Ke2 Kf5 41. Nd6+ Kxf4 42. Nxf7 h5 43. Nd6 h4 44. Nc4 Bd4 45. Nd2 Bg1 46. h3
gxh3 47. gxh3 Kg3 48. Nf3 1/2-1/2

[Event "XXXVI C.to Italiano a squadre A2"]
[Site "ITA"]
[Date "2004.03.07"]
[Round "2"]
[White "Giorgetti, Alberto"]
[Black "Giuliani, Sante"]
[Result "1-0"]
[WhiteElo "2133"]
[BlackElo "1800"]
[PlyCount "83"]
[EventDate "2004.02.22"]

1. e4 d5 2. exd5 Qxd5 3. Nc3 Qd6 4. d4 Nf6 5. Nf3 a6 6. Be2 Bf5 7. Be3 Nc6 8.
a3 e6 9. Qd2 Be7 10. O-O Rd8 11. Rad1 h6 12. h3 b5 13. Bd3 Bxd3 14. Qxd3 O-O
15. Ne4 Qd5 16. Nc3 Qd6 17. Rfe1 Rfe8 18. Ne2 Nd5 19. c4 Nxe3 20. fxe3 bxc4 21.
Qxc4 Na5 22. Qc3 Qb6 23. Rc1 Rc8 24. b4 Nb7 25. Ne5 Nd6 26. Qd3 Bg5 27. Kf2 Nf5
28. Nc4 Qb5 29. Nc3 Qd7 30. Ne4 Qe7 31. Ne5 f6 32. Nc6 Qf7 33. Nxg5 fxg5 34.
Ne5 Qf6 35. Kg1 Red8 36. Qc4 Rd5 37. e4 Rxd4 38. Qxa6 Nd6 39. Nf3 Rxe4 40. Rxe4
Nxe4 41. Qxc8+ Kh7 42. Qxc7 1-0

[Event "XXXVI C.to Italiano a squadre A2"]
[Site "ITA"]
[Date "2004.03.07"]
[Round "2"]
[White "Gorelli Fagiolini, Marco"]
[Black "Sericano, Claudio"]
[Result "1/2-1/2"]
[WhiteElo "2222"]
[BlackElo "2260"]
[PlyCount "47"]
[EventDate "2004.02.22"]

1. e4 g6 2. d4 Bg7 3. Nc3 c6 4. Nf3 d5 5. h3 Nf6 6. Bd3 dxe4 7. Nxe4 O-O 8. O-O
Nbd7 9. Re1 Re8 10. c3 Nxe4 11. Bxe4 e5 12. dxe5 Nxe5 13. Qxd8 Nxf3+ 14. Bxf3
Rxd8 15. Bg5 f6 16. Be3 Kf7 17. Rad1 Rxd1 18. Rxd1 Be6 19. a3 Bf8 20. Kf1 Be7
21. Rd2 Ke8 22. Ke1 a6 23. Bf4 Rd8 24. Rxd8+ 1/2-1/2

[Event "XXXVI C.to Italiano a squadre A2"]
[Site "ITA"]
[Date "2004.03.07"]
[Round "2"]
[White "Lasio, Millo"]
[Black "Trezza, Bruno"]
[Result "0-1"]
[WhiteElo "1875"]
[BlackElo "2239"]
[PlyCount "50"]
[EventDate "2004.02.22"]

1. d4 Nf6 2. e3 d5 3. f4 c5 4. c3 Nc6 5. Bd3 Bg4 6. Nf3 e6 7. O-O Ne4 8. Qe1
Bxf3 9. gxf3 Nf6 10. Rf2 g6 11. Nd2 Nh5 12. Nf1 Be7 13. Rg2 Qb6 14. Qe2 Ng7 15.
b3 a5 16. Bb5 O-O 17. a3 cxd4 18. exd4 Nxd4 19. Qf2 Nxf3+ 20. Kh1 Qxb5 21. Qxf3
Bf6 22. Bb2 Qc6 23. Re1 Rfc8 24. Rc2 a4 25. b4 h5 0-1

[Event "XXXVI C.to Italiano a squadre A2"]
[Site "ITA"]
[Date "2004.03.07"]
[Round "2"]
[White "Leoncini, Mario"]
[Black "Mazzini, Mauro"]
[Result "1-0"]
[WhiteElo "2152"]
[BlackElo "1915"]
[PlyCount "83"]
[EventDate "2004.02.22"]

1. e4 c5 2. c3 d5 3. exd5 Qxd5 4. d4 e5 5. dxe5 Qxd1+ 6. Kxd1 Nc6 7. f4 f6 8.
Nf3 Bg4 9. Be2 O-O-O+ 10. Nbd2 g6 11. h3 Bf5 12. Ke1 Bg7 13. Nc4 Kc7 14. Be3 b6
15. Nd6 Nh6 16. g4 Be6 17. Nb5+ Kb8 18. exf6 Bxf6 19. f5 Nxf5 20. gxf5 Bxf5 21.
Bf4+ Ka8 22. Nd6 Rd7 23. Nxf5 gxf5 24. Bb5 Kb7 25. Kf2 Re7 26. Rhe1 Re4 27.
Bxc6+ Kxc6 28. Rxe4 fxe4 29. Ng5 Bxg5 30. Bxg5 Rf8+ 31. Ke2 Rf3 32. Rh1 b5 33.
Be3 a5 34. h4 b4 35. c4 a4 36. h5 a3 37. b3 Rg3 38. Rh2 Rg4 39. h6 Rg6 40. Rh5
Rg2+ 41. Bf2 Kb6 42. Kf1 1-0

[Event "XXXVI C.to Italiano a squadre A2"]
[Site "ITA"]
[Date "2004.03.07"]
[Round "2"]
[White "Palamides, Carmine"]
[Black "Baccaro, Franco"]
[Result "1/2-1/2"]
[WhiteElo "1842"]
[BlackElo "2174"]
[PlyCount "93"]
[EventDate "2004.02.22"]

1. e4 e6 2. d4 d5 3. Nc3 Nf6 4. Bg5 Bb4 5. e5 h6 6. Bh4 g5 7. Bg3 Ne4 8. Nge2
c5 9. a3 Bxc3+ 10. bxc3 Nc6 11. f3 Nxg3 12. Nxg3 Qa5 13. Qd2 cxd4 14. cxd4
Qxd2+ 15. Kxd2 Nxd4 16. h4 g4 17. fxg4 Bd7 18. Rb1 O-O-O 19. Nh5 Nc6 20. Re1
Nb8 21. Bd3 Bc6 22. Rhf1 Rdf8 23. Rf4 Nd7 24. Nf6 Nxf6 25. Rxf6 Rhg8 26. Be2
Rh8 27. Ref1 Be8 28. c4 dxc4 29. Bxc4 Rfg8 30. R1f4 Kd8 31. Bd3 Ke7 32. Be4 b6
33. Kc3 Rg7 34. Bf3 Rg6 35. Be4 Rxf6 36. Rxf6 Kf8 37. Kb3 Kg7 38. Rf2 Bb5 39.
Kb4 Ba6 40. Rd2 Rc8 41. Rd4 Rc5 42. Bf3 Rb5+ 43. Kc3 Rxe5 44. Ra4 Be2 45. Kd4
f6 46. Rxa7+ Kg8 47. Rb7 1/2-1/2

[Event "XXXVI C.to Italiano a squadre A2"]
[Site "ITA"]
[Date "2004.03.07"]
[Round "2"]
[White "Pastorini, Mario"]
[Black "Patelli, Alessandro"]
[Result "1/2-1/2"]
[WhiteElo "2170"]
[BlackElo "2204"]
[PlyCount "49"]
[EventDate "2004.02.22"]

1. c4 e6 2. Nf3 d5 3. g3 Nf6 4. Bg2 Be7 5. O-O O-O 6. b3 Nbd7 7. Bb2 b6 8. cxd5
Nxd5 9. d4 Bb7 10. Nbd2 a5 11. a3 c5 12. Nc4 b5 13. Nce5 N5b6 14. Rc1 Nxe5 15.
Nxe5 Bxg2 16. Kxg2 Rc8 17. dxc5 Bxc5 18. e3 Qe7 19. Qg4 f5 20. Qe2 Bxa3 21.
Rxc8 Rxc8 22. Bxa3 Qxa3 23. Qxb5 Qc5 24. Qxc5 Rxc5 25. Nf3 1/2-1/2